000 00929cab a2200289 4500
001 ABS53793
008 090401t1995 xxu||||| |||| 00| 0 eng d
035 _a(Sirsi) u6627
041 _aeng
100 _aDownhill, C.
245 _aTerms of leases attract notice
260 _c1995
350 _a0
490 _aEstates Times
_v(1297) 6 October 1995, 8(1)
520 _aTwo recent CA cases relating to the service of notices show how important it is to fully understand the terms of a lease when managing commercial property.
650 _aCOMMERCIAL LEASES
650 _aDETERMINATION OF LEASE
650 _aLEASES
650 _aMANNAI INVESTMENT CO LTD V EAGLE STAR LIFE ASSURANCE CO LTD UK
650 _aRENT REVIEWS
650 _aSERVING NOTICES
650 _aSUPASNAPS LTD V BAILEY
650 _aTERMS OF LEASE
690 _aLANDLORD AND TENANT-BUSINESS TENANCIES
942 _n0
948 _c04/03/1997
999 _c3956
_d3956